| 000 | 00863nas a2200289 4500 | ||
|---|---|---|---|
| 001 | BR2013003543 | ||
| 003 | BR-BrBNA | ||
| 005 | 20231205122303.0 | ||
| 007 | ta | ||
| 008 | 230509b bl.|||p| |||| 00| 00por d | ||
| 040 |
_aBR-BrBNA _bpor _cBiblioteca Nacional de Agricultura |
||
| 041 | _a(Pt) | ||
| 072 | _aF08 | ||
| 100 | 1 | _aDaniel, O. | |
| 100 | 1 | _aPezzoni T. | |
| 100 | 1 | _aNogueira, I.M.B. | |
| 100 | 1 | _aCremon, T. | |
| 100 | 1 | _aVitorino, A.C.T. | |
| 245 | 1 | _aRelações alométricas em árvores de Pterodon emarginatus vogel em um sistema silvipastoril | |
| 650 | _aAGROSSILVICULTURA | ||
| 650 | _aSISTEMA DE CULTIVO | ||
| 650 | _aPASTAGEM | ||
| 650 | _aÁRVORE FLORESTAL | ||
| 773 | 0 |
_tCerne (Brazil) _xISSN 0104-7760 _g(Jan-mar 2013), V. 19(1) p. 141-149 _wBR2013003543 |
|
| 909 |
_a202311 _bLúcia _c55 _dLúcia Elande |
||
| 942 |
_2AGRIS _n0 _cANA |
||
| 999 |
_c227882 _d227882 |
||